| 000 | 01033 a2200241 4500 | ||
|---|---|---|---|
| 999 |
_c9130 _d9130 |
||
| 020 | _a9780797460812 | ||
| 050 | 0 | 0 | _aKT4550MAV2014 |
| 100 | 1 |
_aMavedzenge, Alfred, _eauthor. |
|
| 245 | 1 | 2 |
_aA constitutional law guide towards understanding Zimbabwe's fundamental socio-economic and cultural human rights / _cby Justice Alfred Mavedzenge and Doug J. Coltart in association with the International Commission of Jurists and the Zimbabwe Human Rights Association. |
| 264 | 1 |
_aHarare : _bZimbabwe Human Rights Association, _c2014. |
|
| 300 | _axiii, 160 pages ; | ||
| 500 | _aincludes index | ||
| 504 | _aIncludes bibliographical references (pages 154-159). | ||
| 650 | 0 | _aHuman rights | |
| 650 | 0 | _aSocial rights | |
| 650 | 0 | _aInternational law and human rights. | |
| 651 | 0 | _aZimbabwe | |
| 700 | 1 |
_aColtart, Doug J., _eauthor. |
|
| 710 | 2 | _aZimbabwe Human Rights Association. | |
| 710 | 2 | _aInternational Commission of Jurists (1952- ) | |
| 942 |
_2lcc _cBK _h4550 _iMAV _kKF |
||